[Event "AUTO-ADV-1508"]
[Site "http://www.queenalice.com/game.php?id=668451"]
[Date "2009.10.17"]
[Round "1"]
[White "pepeillo"]
[Black "regivaldo"]
[Result "1-0"]
[WhiteElo "1856"]
[BlackElo "1813"]

1. d4 e6 2. e4 f6 3. a3 g6 4. Nf3 d5 5. Nbd2 h5 6. Bb5+ c6 7. Bd3 h4 8. h3 b5 9.
exd5 Qxd5 10. Bxg6+ Kd8 11. a4 Ne7 12. Be4 Qd7 13. axb5 Bb7 14. Nb3 Nf5 15. bxc6
Nxc6 16. O-O Bg7 17. Nc5 Qc8 18. d5 Ncd4 19. Nxd4 Nxd4 20. Qxd4 exd5 21. Bxd5
Bxd5 22. Qxd5+ Ke8 23. Re1+ Kf8 24. Bf4 Bh6 25. Bd6+ Kg7 26. Re7+ Kg6 27. Qf7+
Kg5 28. Ne4+ Kf5 29. Qxf6# 1-0

[Event "AUTO-OPEN-1893"]
[Site "http://www.queenalice.com/game.php?id=738034"]
[Date "2010.2.26"]
[Round "1"]
[White "regivaldo"]
[Black "jck2"]
[Result "1-0"]
[WhiteElo "1788"]
[BlackElo "2193"]

1. e4 c6 2. d4 d5 3. e5 Bf5 4. g4 Bg6 5. Bg2 e6 6. h4 h6 7. h5 Bh7 8. c3 c5 9.
f4 Nc6 10. Qa4 cxd4 11. cxd4 Qb6 12. Nf3 Be4 13. O-O Bxf3 14. Bxf3 Qxd4+ 15.
Qxd4 Nxd4 16. Bd1 Bc5 17. Kg2 Rc8 18. Nc3 Ne7 19. a3 O-O 20. Bd2 a6 21. b4 Ba7
22. Ne2 Nb5 23. a4 Nc7 24. Bc3 Rfd8 25. Bd4 Bxd4 26. Nxd4 Na8 27. Bf3 Rc4 28.
Ne2 Rxb4 29. Rfb1 Nc6 30. Rxb4 Nxb4 31. Nd4 Nc6 32. Nxc6 bxc6 33. Rc1 Rc8 34. a5
c5 35. Kf2 c4 36. Ke3 Nc7 37. Bd1 Nb5 38. Ba4 Rb8 39. Kd2 Kf8 40. Rb1 Ke7 41.
Rb4 Kd7 42. Bc2 Kc6 43. Ba4 1-0

[Event "AUTO-OPEN-1893"]
[Site "http://www.queenalice.com/game.php?id=738035"]
[Date "2010.2.26"]
[Round "1"]
[White "jck2"]
[Black "regivaldo"]
[Result "1-0"]
[WhiteElo "2189"]
[BlackElo "1800"]

1. d4 d5 2. c4 e6 3. Nc3 c6 4. Nf3 f6 5. e3 g5 6. h3 h5 7. Be2 a6 8. O-O h4 9.
e4 a5 10. e5 a4 11. Qc2 a3 12. cxd5 exd5 13. Qg6+ Ke7 14. exf6+ Kd7 15. Bxg5 Kc7
16. f7 Ne7 17. Nb5+ cxb5 18. Bf4+ Qd6 19. Qxd6# 1-0

[Event "AUTO-OPEN-1893"]
[Site "http://www.queenalice.com/game.php?id=738038"]
[Date "2010.2.26"]
[Round "1"]
[White "regivaldo"]
[Black "rocha"]
[Result "1-0"]
[WhiteElo "1820"]
[BlackElo "1385"]

1. e4 e5 2. Nf3 d6 3. c4 Na6 4. b4 Nxb4 5. Qa4+ Nc6 6. Nc3 Bd7 7. Qd1 Nb4 8. Qb3
a5 9. Nd5 Bc6 10. a3 Nxd5 11. cxd5 Rb8 12. dxc6 bxc6 13. Qa4 Ra8 14. Qxc6+ Ke7
15. Bc4 Kf6 16. Bd5 Ne7 17. Qc4 Nxd5 18. exd5 g5 19. d4 Bh6 20. h4 Rg8 21. hxg5+
Bxg5 22. dxe5+ dxe5 23. Bxg5+ Rxg5 24. Nxg5 Kxg5 25. Qh4+ Kf5 26. Qxh7+ Kf6 27.
Rh6+ Ke7 28. Re6+ Kd7 29. Qxf7+ Kc8 30. Re8 Kb7 31. Rb1+ Ka6 32. Rxd8 Rxd8 33.
Qf6+ Ka7 34. Qxd8 1-0

[Event "AUTO-OPEN-1893"]
[Site "http://www.queenalice.com/game.php?id=738039"]
[Date "2010.2.26"]
[Round "1"]
[White "rocha"]
[Black "regivaldo"]
[Result "0-1"]
[WhiteElo "1453"]
[BlackElo "1785"]

1. e3 e5 2. d4 d6 3. h3 h5 4. Be2 g6 5. Bf3 h4 6. d5 f5 7. e4 f4 8. Bg4 Nf6 9.
f3 Bxg4 10. hxg4 g5 11. c4 c5 12. Ne2 Na6 13. Qd2 Nb4 14. a3 Na6 15. Qd3 Nb8 16.
Nbc3 a6 17. b4 b6 18. b5 a5 19. Na4 Nbd7 20. Rh3 Qc7 21. Bb2 O-O-O 22. Kd2 Kb7
23. Rg1 Be7 24. g3 hxg3 25. Rxh8 Rxh8 26. Rg2 Rh1 27. Ng1 Qd8 28. Qf1 Qh8 29.
Nc3 Bf8 30. Nce2 Bg7 31. Kd3 Ne8 32. Bc1 Nc7 33. Bd2 Nf6 34. Be1 Nce8 35. Bxg3
fxg3 36. Rxg3 Rh7 37. a4 Rh6 38. Qc1 Nd7 39. Qxg5 Rh2 40. Qd8 Nef6 41. Qxh8 Rxh8
42. Nh3 Ne8 43. f4 exf4 44. Nexf4 Ne5+ 45. Kc2 Nxc4 46. Ne6 Be5 47. Rf3 Nf6 48.
g5 Nxe4 49. Rf7+ Ka8 50. Nc7+ Kb8 51. g6 Rxh3 52. Na6+ Kc8 53. Rf8+ Kd7 54. Rf7+
Kd8 55. g7 Rh2+ 56. Kb3 Ncd2+ 57. Kc2 Nc4+ 58. Kd3 Bxg7 59. Kxe4 Ba1 60. Rf8+
Ke7 61. Rf5 Rh4+ 62. Kd3 Nb2+ 63. Kc2 Nxa4 64. Nb8 Rh2+ 65. Kb3 Nc3 66. Nc6+ Ke8
67. Rg5 Rb2+ 68. Kxc3 Rg2+ 69. Kd3 Rxg5 70. Kc4 Rg4+ 71. Kd3 c4+ 72. Kc2 Rg2+
73. Kd1 c3 74. Kc1 Rg1+ 75. Kc2 a4 76. Nb4 a3 77. Kb3 Bb2 78. Nd3 Rg5 79. Nf4
Rf5 80. Ne6 Kd7 0-1

[Event "AUTO-ADV-1670"]
[Site "http://www.queenalice.com/game.php?id=738153"]
[Date "2010.2.26"]
[Round "1"]
[White "rusoma"]
[Black "regivaldo"]
[Result "1-0"]
[WhiteElo "1786"]
[BlackElo "1826"]

1. e4 e5 2. Nf3 d6 3. d4 Bg4 4. Be2 f6 5. dxe5 dxe5 6. Qxd8+ Kxd8 7. Nxe5 fxe5
8. Bxg4 h6 9. Nc3 h5 10. Bf5 Nf6 11. Bg5 Be7 12. O-O-O+ Ke8 13. Rd3 Kf7 14. Rhd1
g6 15. Bxf6 Bxf6 16. Nd5 gxf5 17. Nxc7 fxe4 18. Re3 Bg5 19. Nxa8 Bxe3+ 20. fxe3
Na6 21. Nc7 Nb4 22. a3 Nc6 23. Nb5 a6 24. Nd6+ Kg6 25. Nxb7 Nb8 26. Nc5 Kf5 27.
Rf1+ Kg6 28. Nxe4 Nd7 29. b4 Rc8 30. Rd1 Rc6 31. Rxd7 1-0

[Event "AUTO-ADV-1670"]
[Site "http://www.queenalice.com/game.php?id=738154"]
[Date "2010.2.26"]
[Round "1"]
[White "regivaldo"]
[Black "rusoma"]
[Result "0-1"]
[WhiteElo "1808"]
[BlackElo "1743"]

1. e4 e5 2. Nf3 Nf6 3. Nxe5 Qe7 4. Nf3 Qxe4+ 5. Qe2 Qxe2+ 6. Bxe2 d5 7. O-O Bd6
8. d4 O-O 9. Nc3 Nc6 10. a3 a6 11. b4 b5 12. h3 Bf5 13. Bd1 Rae8 14. g4 Be4 15.
Be3 Nd8 16. g5 Nd7 17. h4 Ne6 18. Nxe4 dxe4 19. Ne5 Nxe5 20. dxe5 Bxe5 21. f4
Bxa1 22. Bg4 f5 23. Be2 Bb2 24. a4 bxa4 25. Bxa6 a3 26. Bc4 Kh8 27. Bc1 Nd4 28.
c3 Nf3+ 29. Kh1 Nxh4 30. Bxb2 axb2 31. Rb1 Ng6 32. Rxb2 Nxf4 33. b5 e3 34. Rh2
e2 0-1

[Event "AUTO-ADV-1670"]
[Site "http://www.queenalice.com/game.php?id=738177"]
[Date "2010.2.26"]
[Round "1"]
[White "regivaldo"]
[Black "Erychess"]
[Result "0-1"]
[WhiteElo "1808"]
[BlackElo "1916"]

1. e4 e5 2. Nf3 Nc6 3. c3 Nf6 4. d3 h6 5. h4 d5 6. g3 Bg4 7. Qe2 Qd7 8. Bg2
O-O-O 9. O-O g5 10. hxg5 hxg5 11. Bxg5 Be7 12. b4 Bh3 13. Nh4 Bxg2 14. Kxg2 dxe4
15. dxe4 Rhg8 16. Rd1 Qxd1 17. Qxd1 Rxd1 18. Be3 Nxe4 19. Nf3 Nxc3 20. Nfd2 Nxb4
21. a3 Nc2 22. Nxc3 Nxe3+ 23. fxe3 Rxa1 24. a4 Bb4 0-1

[Event "AUTO-ADV-1670"]
[Site "http://www.queenalice.com/game.php?id=738178"]
[Date "2010.2.26"]
[Round "1"]
[White "Erychess"]
[Black "regivaldo"]
[Result "1-0"]
[WhiteElo "1914"]
[BlackElo "1796"]

1. e4 e5 2. Nf3 d6 3. Bc4 Be6 4. Bxe6 fxe6 5. d4 h6 6. dxe5 dxe5 7. Qxd8+ Kxd8
8. Nxe5 Kc8 9. Ng6 Rh7 10. Nxf8 Rh8 11. Nxe6 g5 12. Nc3 Nf6 13. Be3 Nbd7 14.
O-O-O Re8 15. Ng7 Re5 16. f3 b6 17. Bd4 Re7 18. Bxf6 Nxf6 19. Nf5 Rh7 20. h4 g4
21. fxg4 Nxg4 22. Rhf1 Kb7 23. Rf4 Rg8 24. Nd5 Rf7 25. Rxg4 Rxg4 26. Nxh6 Rfg7
27. Nxg4 Rxg4 28. h5 Rxe4 29. Rh1 1-0

[Event "AUTO-ADV-1784"]
[Site "http://www.queenalice.com/game.php?id=784726"]
[Date "2010.6.2"]
[Round "1"]
[White "TIGER86"]
[Black "regivaldo"]
[Result "1-0"]
[WhiteElo "1979"]
[BlackElo "1818"]

1. e4 e5 2. Nf3 d6 3. d4 f6 4. Bc4 Ne7 5. dxe5 dxe5 6. Bf7+ Kxf7 7. Qxd8 Na6 8.
Bd2 Nc6 9. Qd3 Nc5 10. Qe3 g5 11. Bc3 Be6 12. Nbd2 b5 13. b3 a5 14. O-O b4 15.
Bb2 h5 16. Rfd1 Rd8 17. Nc4 Nb7 18. Rxd8 Ncxd8 19. Nxg5+ fxg5 20. Nxe5+ Ke8 21.
Qxg5 Nf7 22. Nxf7 Rh7 23. Ne5 Bg4 24. Qg6+ 1-0

[Event "AUTO-ADV-1784"]
[Site "http://www.queenalice.com/game.php?id=784727"]
[Date "2010.6.2"]
[Round "1"]
[White "regivaldo"]
[Black "TIGER86"]
[Result "0-1"]
[WhiteElo "1818"]
[BlackElo "1852"]

1. e4 c5 2. c4 Nc6 3. b3 Nf6 4. Bd3 d6 5. h3 g6 6. f4 Bg7 7. Bb2 e6 8. g4 Nxe4
9. Bxg7 Qh4+ 10. Ke2 Qf2# 0-1

[Event "AUTO-ADV-1784"]
[Site "http://www.queenalice.com/game.php?id=784744"]
[Date "2010.6.2"]
[Round "1"]
[White "regivaldo"]
[Black "Barbudo"]
[Result "0-1"]
[WhiteElo "1808"]
[BlackElo "1849"]

1. e4 e5 2. f3 Nc6 3. c3 Nf6 4. b4 b5 5. Bxb5 Bb7 6. a4 a6 7. Bc4 Bd6 8. g4 O-O
9. h4 Ne7 10. d3 c5 11. g5 Nh5 12. Ne2 Ng6 13. b5 axb5 14. Bxb5 Ba6 15. c4 Bxb5
16. cxb5 Nhf4 17. Nxf4 Nxf4 18. Kf2 Qb6 19. Kg3 Nh5+ 20. Kg4 g6 21. Bd2 Be7 22.
Nc3 Qe6# 0-1

[Event "AUTO-ADV-1784"]
[Site "http://www.queenalice.com/game.php?id=784745"]
[Date "2010.6.2"]
[Round "1"]
[White "Barbudo"]
[Black "regivaldo"]
[Result "0-1"]
[WhiteElo "1810"]
[BlackElo "1802"]

1. e4 e5 2. Nf3 d6 3. Bc4 Nf6 4. h3 Nxe4 5. d3 Nf6 6. Ng5 d5 7. Bb3 h6 8. Nf3
Qd6 9. O-O Be7 10. Re1 Nfd7 11. Nc3 c6 12. a3 g5 13. Ne2 d4 14. c3 c5 15. Ng3 f6
16. Bf7+ Kxf7 17. Qb3+ Ke8 18. Nh5 Kf8 19. Ng3 Nb6 20. c4 h5 21. Ne2 g4 22. Nh4
f5 23. g3 gxh3 24. Nf3 f4 25. gxf4 Qg6+ 26. Ng3 Nc6 27. Qd1 h4 28. Nxe5 Nxe5 29.
fxe5 hxg3 30. Qf3+ Ke8 31. fxg3 h2+ 32. Kh1 Rh3 33. Bf4 Bh4 34. Kg2 Bxg3 35.
Bxg3 Bg4 36. Qf2 Ke7 37. Qf6+ Qxf6 38. exf6+ Kxf6 39. Rh1 Re8 40. Raf1+ Kg5 41.
Rxh2 Rxh2+ 42. Kxh2 Rh8+ 43. Kg1 Nd7 44. Rf7 Kg6 45. Rf4 Nf6 46. Rf2 Re8 47. Bh4
Nh5 48. Rg2 Kf5 49. Kf2 Re2+ 50. Kg1 Rxg2+ 51. Kxg2 Nf4+ 52. Kf1 Nxd3 53. b3 Bd1
54. b4 cxb4 55. axb4 Nxb4 56. Bf2 Ke4 57. Ke1 Bc2 58. Kd2 Ba4 59. Be1 Nd3 60.
Bh4 Nb2 61. c5 d3 62. Bf6 Nc4+ 63. Kc3 d2 64. Kxc4 d1=Q 0-1

[Event "AUTO-ADV-1784"]
[Site "http://www.queenalice.com/game.php?id=784746"]
[Date "2010.6.2"]
[Round "1"]
[White "regivaldo"]
[Black "niclep"]
[Result "0-1"]
[WhiteElo "1809"]
[BlackElo "2031"]

1. e4 e5 2. Nf3 d6 3. Be2 Nf6 4. d3 Nc6 5. c3 Be7 6. h3 O-O 7. O-O h6 8. g4 Nh7
9. b4 a6 10. a4 Bd7 11. a5 Bf6 12. Na3 Ne7 13. h4 Bxg4 14. Nh2 Bxe2 15. Qxe2
Bxh4 16. Qg4 Ng6 17. f4 Re8 18. f5 Ngf8 19. Bxh6 Bf6 20. Nf3 Kh8 21. Bd2 Qd7 22.
Kf2 g6 23. Rh1 Kg8 24. Rh2 Bg7 25. Rah1 Nf6 26. Qg5 N8h7 27. Qh4 Nh5 28. Ng5 f6
29. fxg6 Nf8 30. Qxh5 fxg5 31. Bxg5 Re6 32. Bh6 Rxg6 33. Bxg7 Qxg7 34. Qf3 Rf6
35. Rg2 Ng6 36. Rhg1 Raf8 37. Rxg6 Rxg6 38. Qxf8+ Qxf8+ 0-1

[Event "AUTO-ADV-1784"]
[Site "http://www.queenalice.com/game.php?id=784747"]
[Date "2010.6.2"]
[Round "1"]
[White "niclep"]
[Black "regivaldo"]
[Result "1-0"]
[WhiteElo "2045"]
[BlackElo "1818"]

1. e4 e5 2. Nf3 d6 3. d4 f6 4. d5 c5 5. c4 g5 6. Nc3 h5 7. Be3 Bh6 8. Qd2 g4 9.
Nh4 Bxe3 10. Qxe3 Ne7 11. g3 Na6 12. a3 Bd7 13. Bg2 Qa5 14. O-O O-O-O 15. f3
Rdg8 16. fxg4 hxg4 17. Rxf6 Kc7 18. Raf1 b5 19. Rf7 Ng6 20. Nxb5+ Kd8 21. Nxg6
Rxg6 22. Nxa7 Rgh6 23. Rf8+ Rxf8 24. Rxf8+ Kc7 25. Qxh6 Qe1+ 26. Bf1 Qxe4 27.
Nb5+ Bxb5 28. cxb5 Qd4+ 29. Kh1 Qxd5+ 30. Bg2 Qd1+ 31. Rf1 1-0

[Event "AUTO-OPEN-1893"]
[Site "http://www.queenalice.com/game.php?id=805135"]
[Date "2010.7.18"]
[Round "2"]
[White "regivaldo"]
[Black "gmvilela"]
[Result "0-1"]
[WhiteElo "1816"]
[BlackElo "2048"]

1. e4 c5 2. d3 Nc6 3. c3 d5 4. f3 e5 5. h4 f5 6. exf5 Bxf5 7. g4 Be6 8. Bg5 Nf6
9. a4 Be7 10. h5 h6 11. Bh4 Qc7 12. Nd2 O-O-O 13. Nb3 e4 14. Qe2 Qd7 15. Nh3
exf3 16. Qxf3 Bxg4 17. Qf2 Rhe8 18. Kd2 c4 19. Nd4 Nxd4 20. cxd4 Bb4+ 21. Kc2
cxd3+ 22. Bxd3 Bxh3 23. Rxh3 Ne4 24. Bxe4 Rxe4 25. Rb3 Rf8 26. Qh2 Qf5 27. Rd3
Rxd4 28. Rd1 Rf7 29. Qe2 Rxh4 30. Kb3 Re7 31. Rc1+ Kb8 32. Qc2 Rc4 0-1

[Event "AUTO-OPEN-1893"]
[Site "http://www.queenalice.com/game.php?id=805140"]
[Date "2010.7.18"]
[Round "2"]
[White "regivaldo"]
[Black "bukbuk"]
[Result "0-1"]
[WhiteElo "1811"]
[BlackElo "2385"]

1. e4 e5 2. f3 Nf6 3. h4 d5 4. c4 dxe4 5. Nc3 exf3 6. Nxf3 Nc6 7. a3 e4 8. Nh2
Bd6 9. Nd5 Nxd5 10. Ng4 Bg3+ 11. Nf2 Qf6 12. Qe2 Nd4 13. Qxe4+ Kf8 14. Kd1 Qxf2
15. Be2 Bf5 16. Rf1 Ne3+ 17. Qxe3 Bc2# 0-1

[Event "AUTO-OPEN-1893"]
[Site "http://www.queenalice.com/game.php?id=805141"]
[Date "2010.7.18"]
[Round "2"]
[White "bukbuk"]
[Black "regivaldo"]
[Result "1-0"]
[WhiteElo "2401"]
[BlackElo "1818"]

1. e4 e5 2. Nf3 d6 3. Bc4 h6 4. d4 Be7 5. dxe5 Be6 6. Bxe6 fxe6 7. Nd4 Kd7 8.
Qg4 Kc8 9. Nxe6 Qd7 10. Qxg7 Qxe6 11. Qxh8 Kd7 12. Be3 dxe5 13. Nc3 Bf6 14. Qh7+
Kc6 15. Nd5 Nd7 16. O-O-O a5 17. Rd3 b6 18. Rc3+ Kd6 19. Nxc7 Qxa2 20. Rd1+ 1-0